Estrategias de publicidad y promoción

Saved in:
Bibliografiske detaljer
Main Authors: Tellis, Gerard J (Author), Redondo, Ignacio (Author)
Format: Bog
Sprog:spansk
Udgivet: Madrid Pearson Educación 2002
Fag:
Tags: Tilføj Tag
Ingen Tags, Vær først til at tagge denne postø!

MARC

LEADER 00000nam a2200000 a 4500
001 UCM4182
003 CL-VaPUC
008 020802e20020000SP |||||||||||||||||spa|d
082 0 4 |a 659.1  |b TEL  |2 21 
100 0 |a Tellis, Gerard J  |e author  |9 470751 
700 0 |a Redondo, Ignacio  |e author  |9 470752 
245 1 0 |a Estrategias de publicidad y promoción 
300 |a 561 p 
942 |c BK 
945 |d 20020802 00:00:00  |a cmena 
260 |a Madrid  |b Pearson Educación  |c 2002 
650 0 |a Publicidad  |9 314572 
650 0 |a Planificación estratégica   |9 259735 
650 0 |a Investigación de mercado  |9 332310 
650 0 |a Consumidores  |9 315658 
650 7 |a PERSUASION  |2 CL-VaPUC  |9 333321 
583 |a last modification  |c 20141114 05:22:42  |k Rodrigo Vera 
999 |c 301038  |d 301036 
952 |0 0  |1 0  |4 0  |6 659_100000000000000_TEL_2002  |7 0  |8 A  |9 359640  |a BIBENE  |b BIBENE  |d 2019-11-21  |i 3835324  |o 659.1 TEL 2002  |p 3835324  |r 2025-01-15  |w 2019-11-21  |y BK  |k ICO